| 000 | 01377cam a22002655a 4500 | ||
|---|---|---|---|
| 001 | L160231 | ||
| 008 | 190509s2019 xxk f 000 0 eng d | ||
| 020 | _a9781783213320 | ||
| 035 | _a(Sirsi) u160231 | ||
| 041 | 0 | _aeng | |
| 110 | 2 |
_aRoyal Institution of Chartered Surveyors _94900 |
|
| 245 | 0 | 0 |
_aRICS Valuation Global Standards 2017 Jurisdiction Guide _bUnited Kingdom _h[electronic resource] |
| 250 | _a1st | ||
| 260 |
_aLondon, _bRICS, _cMay 2019 |
||
| 490 | 0 | _aRICS Jurisdiction Guide | |
| 490 | 0 | _aRICS Red Book | |
| 520 | _aProvides a general overview of the valuation process in the UK aimed at property owners commissioning a valuation and professionals providing advice on the results of a valuation. Includes information on legislation governing the holding and valuation of real estate, ownership structures, lease terms, planning regulations and development control, taxation issues and the application of the RICS Valuation Global Standards 2017 (Red Book) (L159426) and the UK National Supplement 2017 (L160192). | ||
| 590 | _aNTK | ||
| 650 | 2 | 4 | _aRED BOOK |
| 650 | 2 | 4 | _aGLOBAL VALUATION STANDARDS 2017 |
| 651 | 4 | _aUnited Kingdom | |
| 690 |
_aValuation _96273 |
||
| 856 | 4 | 0 |
_uhttps://www.rics.org/content/dam/ricsglobal/documents/standards/valuation_global_standards_2017_jurisdiction_guide_uk_rics.pdf _zView free on RICS.org |
| 942 |
_n0 _2ddc |
||
| 999 |
_c116285 _d116285 |
||